Państwa najbliższe Rumunii - 30 sekund sprintu - Statystyki

Ogólne statystyki
  • Ten quiz został rozwiązany 60 razy
  • Średni wynik to 11 z 20
Statystyki odpowiedzi
km Państwo % Poprawnych
0 Mołdawia
91%
0 Bułgaria
89%
0 Serbia
89%
0 Ukraina
87%
101 Polska
78%
0 Węgry
73%
71 Słowacja
64%
216 Grecja
60%
198 Turcja
51%
339 Czechy
49%
213 Rosja
49%
169 Macedonia Północna
44%
108 Chorwacja
40%
218 Czarnogóra
33%
155 Kosowo
33%
158 Bośnia i Hercegowina
27%
285 Słowenia
27%
264 Albania
24%
301 Austria
22%
391 Białoruś
20%
Nie znaleziono quizów pasujących do podanych kryteriów
Rozkład punktacji
Procent ludzi z każdym wynikiem
Percentyl według liczby udzielonych odpowiedzi
Twoja historia wyników
Nie rozwiązałeś tego quizu